La contaminación ambiental /

Detalles Bibliográficos
Autor principal: Randle, Patricio H.
Formato: Libro
Publicado: Buenos Aires : Oikos, 1979.
Materias:
Etiquetas: Agregar Etiqueta
Sin Etiquetas, Sea el primero en etiquetar este registro!

MARC

LEADER 00000nam a22000004a 4500
001 AR-BbUGT750
003 AR-BbUGT
005 20190621122356.0
007 ta
008 061101t1979 ||| |0|||0| d
999 |c 8610  |d 8610 
040 |a AR-BbUGT  |b spa  |c AR-BbUGT 
082 0 4 |a 614.7 
100 1 |a Randle, Patricio H.  |9 536 
245 1 3 |a La contaminación ambiental /   |c Patricio H. Randle. 
260 |a Buenos Aires :   |b Oikos,   |c 1979. 
300 |a 330 p. 
653 |a Contaminación 
942 |c BK  |h 614.7  |i R159  |2 ddc  |6 614_700000000000000_R159